[Event "XI Torneo Leonardo di Bona Magistrale"]
[Site "Cutro ITA"]
[Date "2005.04.24"]
[Round "2"]
[White "Georgiev, Krum I."]
[Black "Marholev, Dimitar"]
[Result "1-0"]
[WhiteElo "2457"]
[BlackElo "2395"]
[PlyCount "63"]
[EventDate "2005.04.23"]

1. e4 e5 2. Nf3 Nc6 3. Bb5 a6 4. Ba4 Nf6 5. O-O Be7 6. Re1 b5 7. Bb3 d6 8. c3
O-O 9. h3 Na5 10. Bc2 c5 11. d4 Qc7 12. Nbd2 Be6 13. Nf1 Nc4 14. a4 cxd4 15.
cxd4 Rac8 16. Bd3 exd4 17. axb5 axb5 18. Nxd4 Qc5 19. Bxc4 bxc4 20. Ng3 Ra8 21.
Be3 Qc7 22. Rc1 Qb7 23. Ndf5 Rfd8 24. Bd4 d5 25. Nxg7 Kxg7 26. Nh5+ Kg6 27.
Nf4+ Kg7 28. exd5 Rxd5 29. Qf3 Qd7 30. Nxd5 Bxd5 31. Rxe7 Qxe7 32. Qxd5 1-0

[Event "XI Torneo Leonardo di Bona Magistrale"]
[Site "Cutro ITA"]
[Date "2005.04.24"]
[Round "2"]
[White "Hocevar, Nikola"]
[Black "Bentivegna, Francesco"]
[Result "0-1"]
[WhiteElo "2092"]
[BlackElo "2229"]
[PlyCount "58"]
[EventDate "2005.04.23"]

1. c4 e5 2. Nc3 Nf6 3. g3 c6 4. Nf3 e4 5. Nd4 d5 6. cxd5 Qb6 7. Nb3 a5 8. d3 a4
9. Nd2 cxd5 10. dxe4 dxe4 11. e3 Bb4 12. Bg2 O-O 13. O-O Bxc3 14. bxc3 Bg4 15.
Qc2 Be2 16. Re1 Bd3 17. Qb2 Qe6 18. c4 Nbd7 19. Qc3 Rfc8 20. Ba3 Ne5 21. c5 b6
22. f3 exf3 23. Nxf3 Nxf3+ 24. Bxf3 Be4 25. Rf1 bxc5 26. Bxe4 Nxe4 27. Qc2 c4
28. Rf4 Ng5 29. Qc3 Nh3+ 0-1

[Event "XI Torneo Leonardo di Bona Magistrale"]
[Site "Cutro ITA"]
[Date "2005.04.24"]
[Round "2"]
[White "Ivanov, Mikhail M."]
[Black "Lazic, Miroljub"]
[Result "0-1"]
[WhiteElo "2418"]
[BlackElo "2500"]
[PlyCount "58"]
[EventDate "2005.04.23"]

1. d4 d5 2. c4 c6 3. Nf3 Nf6 4. Qc2 dxc4 5. e4 b5 6. b3 cxb3 7. axb3 e6 8. Bd2
a5 9. Bd3 Bb7 10. O-O Be7 11. Bc3 Nbd7 12. Nbd2 h6 13. Ra2 O-O 14. Rfa1 b4 15.
Bb2 c5 16. Nc4 a4 17. Rxa4 Rxa4 18. Rxa4 cxd4 19. Bxd4 Nc5 20. Bxc5 Bxc5 21. h3
Qc7 22. Ra5 Rc8 23. e5 Bxf3 24. exf6 Bd5 25. Bh7+ Kh8 26. Bd3 gxf6 27. Ra2 f5
28. Qd2 Kg7 29. Bxf5 Bxc4 0-1

[Event "XI Torneo Leonardo di Bona Magistrale"]
[Site "Cutro ITA"]
[Date "2005.04.24"]
[Round "2"]
[White "Karpatchev, Aleksandr"]
[Black "Bukal, Vladimir jr"]
[Result "0-1"]
[WhiteElo "2472"]
[BlackElo "2405"]
[PlyCount "110"]
[EventDate "2005.04.23"]

1. e4 e6 2. d4 d5 3. e5 c5 4. c3 Bd7 5. Nf3 Qb6 6. Na3 Nh6 7. Nc2 cxd4 8. Ncxd4
Nc6 9. Bd3 f5 10. O-O Bc5 11. b4 Bxd4 12. Nxd4 Nf7 13. Be3 Qc7 14. Nb5 Qb8 15.
Bc5 Ncxe5 16. Re1 b6 17. Bd4 Nxd3 18. Qxd3 O-O 19. f4 Qxf4 20. Re3 a6 21. Na3
Qd6 22. Rae1 Rae8 23. Be5 Nxe5 24. Rxe5 Qc7 25. Nb1 a5 26. a3 Rc8 27. Qd4 h6
28. h3 Rf6 29. Kh1 f4 30. Qf2 Rcf8 31. Qf3 Rg6 32. Qf2 Rg3 33. Nd2 Rxc3 34. Nf3
Rxa3 35. bxa5 bxa5 36. Qb2 Rc3 37. Nd4 Rf6 38. Nf3 a4 39. Qb4 Qc5 40. Qb8+ Rf8
41. Qb7 Qc7 42. Qa6 Qc6 43. Qe2 Rc2 44. Qd1 Qc3 45. Rxd5 exd5 46. Qxd5+ Rf7 47.
Re7 Qb3 48. Qxd7 Rc1+ 49. Kh2 Rxe7 50. Qxe7 Rc8 51. Qd7 Rb8 52. Qd6 a3 53. Qxf4
a2 54. Qc1 Ra8 55. Nd4 Qb8+ 0-1

[Event "XI Torneo Leonardo di Bona Magistrale"]
[Site "Cutro ITA"]
[Date "2005.04.24"]
[Round "2"]
[White "Kasparova, Tatiana"]
[Black "Scerbo, Antonio"]
[Result "1-0"]
[WhiteElo "2240"]
[BlackElo "2097"]
[PlyCount "75"]
[EventDate "2005.04.23"]

1. e4 c5 2. Nf3 Nc6 3. Bb5 d6 4. Bxc6+ bxc6 5. O-O Bg4 6. h3 Bh5 7. Re1 e5 8.
d3 Nf6 9. Nbd2 Be7 10. c3 O-O 11. Nf1 Ne8 12. Ng3 Bg6 13. Qc2 Qd7 14. d4 cxd4
15. cxd4 exd4 16. Nxd4 c5 17. Ndf5 Nc7 18. Bd2 Bf6 19. Bc3 Qe6 20. Rad1 Rfd8
21. b3 h5 22. h4 Nb5 23. Bxf6 Qxf6 24. Qd3 Rab8 25. Qf3 Bxf5 26. Nxh5 Qxh4 27.
exf5 Nd4 28. Rxd4 cxd4 29. Re4 Qg5 30. Rg4 Qh6 31. Rxg7+ Kf8 32. Qg4 Qh8 33.
Qg5 Re8 34. g4 Re4 35. Qf6 Rxg4+ 36. Rxg4 Qxh5 37. Qxd6+ Ke8 38. Re4# 1-0

[Event "XI Torneo Leonardo di Bona Magistrale"]
[Site "Cutro ITA"]
[Date "2005.04.24"]
[Round "2"]
[White "Miladinovic, Igor"]
[Black "Starostits, Ilmars"]
[Result "0-1"]
[WhiteElo "2604"]
[BlackElo "2450"]
[PlyCount "36"]
[EventDate "2005.04.23"]

1. d4 d5 2. Bg5 h6 3. Bh4 c6 4. Nc3 Qb6 5. Qd2 Qxb2 6. Rb1 Qa3 7. e4 dxe4 8. d5
Nf6 9. Bg3 Nbd7 10. Nge2 Qc5 11. Rb3 Nb6 12. Nd4 e5 13. Bxe5 Nbxd5 14. Ndb5
cxb5 15. Rxb5 e3 16. Qd3 Nb4 17. Qe2 exf2+ 18. Kd2 Bg4 0-1

[Event "XI Torneo Leonardo di Bona Magistrale"]
[Site "Cutro ITA"]
[Date "2005.04.24"]
[Round "2"]
[White "Mrdja, Milan"]
[Black "Kasparov, Sergey"]
[Result "0-1"]
[WhiteElo "2373"]
[BlackElo "2461"]
[PlyCount "68"]
[EventDate "2005.04.23"]

1. e4 c6 2. d4 d5 3. Nc3 dxe4 4. Nxe4 Bf5 5. Ng3 Bg6 6. Nf3 Nd7 7. h4 h6 8. h5
Bh7 9. Bd3 Bxd3 10. Qxd3 e6 11. Bf4 Bb4+ 12. c3 Be7 13. Ne4 Ngf6 14. Nd6+ Bxd6
15. Bxd6 Qa5 16. Ne5 Qd5 17. Nxd7 Qxd6 18. Ne5 Qd5 19. f3 Rd8 20. Qe2 O-O 21.
Qc4 Qa5 22. O-O-O Nd5 23. Rhe1 Nb6 24. Qb3 c5 25. dxc5 Qxc5 26. g4 Rxd1+ 27.
Qxd1 Qe7 28. Qe2 Rd8 29. Rd1 Qg5+ 30. Kc2 Nd5 31. Kb3 Rd6 32. Rd4 Rb6+ 33. Ka4
Qe7 34. Nc4 Qe8+ 0-1

[Event "XI Torneo Leonardo di Bona Magistrale"]
[Site "Cutro ITA"]
[Date "2005.04.24"]
[Round "2"]
[White "Parrotta, Daniele"]
[Black "Napoli, Nicolo'"]
[Result "0-1"]
[WhiteElo "2006"]
[BlackElo "2205"]
[PlyCount "72"]
[EventDate "2005.04.23"]

1. d4 c5 2. d5 f5 3. Nf3 Nf6 4. Nc3 g6 5. e3 Bg7 6. Bc4 d6 7. O-O O-O 8. Re1
Nbd7 9. a4 Ne5 10. Nxe5 dxe5 11. f3 Ne8 12. e4 Nd6 13. Ba2 f4 14. Nb5 a6 15.
Nxd6 exd6 16. Bc4 h5 17. Ra3 Bd7 18. Qe2 g5 19. g4 Rf6 20. h3 hxg4 21. fxg4 b5
22. axb5 axb5 23. Ba2 Rxa3 24. bxa3 Qa5 25. Qd2 b4 26. Bc4 Rf8 27. axb4 cxb4
28. Qf2 Rc8 29. Bb3 Rc3 30. Kg2 Qa6 31. Bb2 Rg3+ 32. Kh2 Qc8 33. Rg1 Re3 34.
Re1 Qc5 35. Bc1 Rxh3+ 36. Kg2 Rh2+ 0-1

[Event "XI Torneo Leonardo di Bona Magistrale"]
[Site "Cutro ITA"]
[Date "2005.04.24"]
[Round "2"]
[White "Rinaldi, Francesco Saverio"]
[Black "Panarello, Giuseppe"]
[Result "1-0"]
[WhiteElo "2140"]
[BlackElo "2006"]
[PlyCount "95"]
[EventDate "2005.04.23"]

1. Nf3 d5 2. d4 c6 3. c4 Nf6 4. e3 Bf5 5. cxd5 cxd5 6. Qb3 Qc7 7. Bd2 Nc6 8.
Na3 a6 9. Rc1 Qd7 10. Ne5 Nxe5 11. dxe5 Ne4 12. Nb5 Rc8 13. Rxc8+ Qxc8 14. Nd4
e6 15. Nxf5 exf5 16. Bd3 Qd7 17. Bb4 Nc5 18. Bxc5 Bxc5 19. O-O g6 20. Rc1 Be7
21. Qb6 Bd8 22. Qc5 Be7 23. Qa7 O-O 24. Bxa6 Rc8 25. Rxc8+ Qxc8 26. Qxb7 Qxb7
27. Bxb7 Kf8 28. Bxd5 Bc5 29. Kf1 Ke7 30. Ke2 g5 31. f3 h6 32. Kd3 f6 33. exf6+
Kxf6 34. e4 fxe4+ 35. Kxe4 Bd6 36. h3 Bc5 37. a4 Bb4 38. f4 gxf4 39. Kxf4 Be1
40. Ke4 Ke7 41. Kd4 Kd6 42. Kc4 Bd2 43. b4 Kc7 44. Kb5 Be3 45. g4 Bf2 46. Ka6
Be1 47. b5 Bf2 48. a5 1-0

[Event "XI Torneo Leonardo di Bona Magistrale"]
[Site "Cutro ITA"]
[Date "2005.04.24"]
[Round "2"]
[White "Roeder, Matthias"]
[Black "Ninov, Nikolai Ivanov"]
[Result "1/2-1/2"]
[WhiteElo "2404"]
[BlackElo "2486"]
[PlyCount "35"]
[EventDate "2005.04.23"]

1. Nf3 c5 2. c4 Nc6 3. Nc3 Nf6 4. d4 cxd4 5. Nxd4 e6 6. a3 Be7 7. e4 O-O 8. Nf3
b6 9. Bf4 d6 10. Be2 Bb7 11. O-O Ne5 12. Nd2 Ng6 13. Bg3 d5 14. exd5 exd5 15.
Bf3 Qd7 16. cxd5 Nxd5 17. Nc4 Rfd8 18. Nxd5 1/2-1/2

[Event "XI Torneo Leonardo di Bona Magistrale"]
[Site "Cutro ITA"]
[Date "2005.04.24"]
[Round "2"]
[White "Santurbano, Maria Vincenza"]
[Black "Cetkovic, Sergio"]
[Result "0-1"]
[WhiteElo "2043"]
[BlackElo "2121"]
[PlyCount "120"]
[EventDate "2005.04.23"]

1. e4 a6 2. d4 b5 3. a4 Bb7 4. axb5 axb5 5. Rxa8 Bxa8 6. Bxb5 Bxe4 7. Nf3 Nf6
8. O-O e6 9. Nc3 Bb7 10. d5 Nxd5 11. Nxd5 Bxd5 12. Re1 Be7 13. Ng5 Bxg5 14.
Qxd5 Bxc1 15. Qh5 g6 16. Qe5 Bxb2 17. Qxb2 O-O 18. Re3 c6 19. Bd3 d5 20. Qe5 c5
21. Rh3 Nd7 22. Qe3 Qf6 23. g4 c4 24. Be2 Ra8 25. Qd2 Ra1+ 26. Kg2 Nf8 27. g5
Qe5 28. Rg3 Ra2 29. Rc3 Nd7 30. h4 Nc5 31. Rf3 Ra8 32. Qb4 Qc7 33. Qc3 Ne4 34.
Qd4 Rc8 35. c3 Nd6 36. h5 Nf5 37. Qg4 Qe5 38. Bd1 Qe4 39. Qxe4 dxe4 40. Rf4 e3
41. Be2 exf2 42. Kxf2 Nd6 43. hxg6 hxg6 44. Ke3 Rc5 45. Rg4 e5 46. Bf3 Kf8 47.
Rg1 Ke7 48. Bg4 Rd5 49. Be2 Ke6 50. Rg4 e4 51. Kf4 Rf5+ 52. Ke3 Ke5 53. Bd1 Rf1
54. Ke2 Rh1 55. Ba4 Rh3 56. Kd2 Rh2+ 57. Ke1 Ra2 58. Bd1 Nf5 59. Be2 Rc2 60.
Bxc4 Ne3 0-1

[Event "XI Torneo Leonardo di Bona Magistrale"]
[Site "Cutro ITA"]
[Date "2005.04.24"]
[Round "2"]
[White "Sautto, Alessandra"]
[Black "Isonzo, David"]
[Result "0-1"]
[WhiteElo "1968"]
[BlackElo "2325"]
[PlyCount "64"]
[EventDate "2005.04.23"]

1. e4 c6 2. d4 d5 3. Nc3 dxe4 4. Nxe4 Bf5 5. Ng3 Bg6 6. h4 h5 7. Nf3 Nd7 8. Bd3
Bxd3 9. Qxd3 e6 10. Bf4 Qa5+ 11. Bd2 Qc7 12. O-O-O O-O-O 13. Qe2 Bd6 14. Ne4
Bf4 15. Bxf4 Qxf4+ 16. Qe3 Qxe3+ 17. fxe3 Nh6 18. Nc3 f6 19. e4 Ng4 20. Rd2
Rhe8 21. e5 fxe5 22. dxe5 Ndxe5 23. Nxe5 Nxe5 24. Rxd8+ Kxd8 25. Rd1+ Kc7 26.
Ne2 Ng4 27. c3 e5 28. Ng3 Nf6 29. c4 e4 30. Re1 Re5 31. Ne2 e3 32. Kc2 Re4 0-1

[Event "XI Torneo Leonardo di Bona Magistrale"]
[Site "Cutro ITA"]
[Date "2005.04.24"]
[Round "2"]
[White "Sautto, Daniele"]
[Black "Lacrosse, Marc"]
[Result "1-0"]
[WhiteElo "2119"]
[BlackElo "2289"]
[PlyCount "71"]
[EventDate "2005.04.23"]

1. e4 e5 2. Nf3 Nc6 3. Bb5 a6 4. Ba4 Nf6 5. O-O Nxe4 6. d4 b5 7. Bb3 d5 8. Nxe5
Nxe5 9. dxe5 c6 10. Be3 Be7 11. Nd2 Nc5 12. f4 O-O 13. c3 f6 14. Bc2 f5 15. b4
Ne4 16. Bxe4 dxe4 17. Nb3 Be6 18. Bc5 Bd5 19. Qd4 Qe8 20. Qe3 Rd8 21. Bxe7 Qxe7
22. Nc5 g5 23. a4 gxf4 24. Qxf4 a5 25. axb5 axb4 26. cxb4 cxb5 27. Ra3 Bc4 28.
Rg3+ Kh8 29. Re1 Rd5 30. h3 Rf7 31. Ra1 Rf8 32. Qh6 f4 33. Rg5 f3 34. Ne6 f2+
35. Kh2 Re8 36. Rg7 1-0

[Event "XI Torneo Leonardo di Bona Magistrale"]
[Site "Cutro ITA"]
[Date "2005.04.24"]
[Round "2"]
[White "Van Hoolandt, Patrick"]
[Black "De Rosa, Mariagrazia"]
[Result "0-1"]
[WhiteElo "2181"]
[BlackElo "2081"]
[PlyCount "66"]
[EventDate "2005.04.23"]

1. d4 c5 2. d5 f5 3. c4 Nf6 4. Nc3 g6 5. g3 Bg7 6. Bg2 O-O 7. Nf3 d6 8. O-O Na6
9. Rb1 Nc7 10. b3 a6 11. Bb2 b5 12. Nd2 Ng4 13. h3 Ne5 14. f4 Nd7 15. e4 fxe4
16. Ncxe4 Bxb2 17. Rxb2 Nf6 18. g4 Rb8 19. Qc2 e6 20. dxe6 Nxe6 21. cxb5 axb5
22. Ng3 Nd4 23. Qd3 Qb6 24. Kh2 Bb7 25. Nf3 Ne6 26. Ne1 b4 27. f5 Ba6 28. Qe3
Nd4 29. Rff2 Rbe8 30. Qg5 Rxe1 31. fxg6 Ne6 32. Qh6 c4 33. Rxf6 Qg1# 0-1

[Event "XI Torneo Leonardo di Bona Magistrale"]
[Site "Cutro ITA"]
[Date "2005.04.24"]
[Round "2"]
[White "Velikov, Petar V."]
[Black "Blagojevic, Dragisa"]
[Result "1/2-1/2"]
[WhiteElo "2427"]
[BlackElo "2549"]
[PlyCount "32"]
[EventDate "2005.04.23"]

1. Nf3 d5 2. d4 Nf6 3. c4 e6 4. Nc3 Nbd7 5. Bg5 c6 6. e3 Qa5 7. Nd2 dxc4 8.
Bxf6 Nxf6 9. Nxc4 Qc7 10. Be2 Be7 11. O-O O-O 12. Qc2 Rd8 13. a3 Bd7 14. b4 Be8
15. Rfd1 Nd5 16. e4 Nxc3 1/2-1/2

[Event "XI Torneo Leonardo di Bona Magistrale"]
[Site "Cutro ITA"]
[Date "2005.04.25"]
[Round "3"]
[White "Bentivegna, Francesco"]
[Black "Karpatchev, Aleksandr"]
[Result "0-1"]
[WhiteElo "2229"]
[BlackElo "2472"]
[PlyCount "56"]
[EventDate "2005.04.23"]

1. e4 e5 2. Nf3 Nc6 3. d4 exd4 4. Nxd4 Qf6 5. Nxc6 Bc5 6. Qd2 dxc6 7. Nc3 Qe7
8. Qg5 f6 9. Qg3 Be6 10. Bd3 O-O-O 11. Bd2 h5 12. f4 Nh6 13. h3 h4 14. Qf3 g5
15. O-O-O gxf4 16. Ne2 Nf7 17. Nxf4 Ne5 18. Qe2 Bxa2 19. Be3 Bf7 20. Qf2 Bxe3+
21. Qxe3 Kb8 22. g4 hxg3 23. Qxg3 Qb4 24. Kb1 Qa4 25. b3 Bxb3 26. cxb3 Qxb3+
27. Kc1 Qc3+ 28. Kb1 Rd4 0-1

[Event "XI Torneo Leonardo di Bona Magistrale"]
[Site "Cutro ITA"]
[Date "2005.04.25"]
[Round "3"]
[White "Blagojevic, Dragisa"]
[Black "Roeder, Matthias"]
[Result "1/2-1/2"]
[WhiteElo "2549"]
[BlackElo "2404"]
[PlyCount "59"]
[EventDate "2005.04.23"]

1. d4 Nf6 2. c4 e6 3. Nf3 b6 4. g3 Ba6 5. b3 Bb4+ 6. Bd2 Bxd2+ 7. Qxd2 c6 8.
Qf4 d5 9. Nbd2 Nbd7 10. e4 Nxe4 11. Nxe4 dxe4 12. Qxe4 Qc7 13. Bg2 Rd8 14. O-O
O-O 15. Rfd1 h6 16. Rd3 b5 17. c5 b4 18. Rdd1 Bb5 19. Qe1 a5 20. a3 bxa3 21.
Rxa3 e5 22. Qc3 Rfe8 23. Raa1 e4 24. Ne1 Nf6 25. Nc2 Nd5 26. Qxa5 Qxa5 27. Rxa5
Nc3 28. Rd2 Nb1 29. Rd1 Nc3 30. Rd2 1/2-1/2

[Event "XI Torneo Leonardo di Bona Magistrale"]
[Site "Cutro ITA"]
[Date "2005.04.25"]
[Round "3"]
[White "Bratanov, Zsivko"]
[Black "Rinaldi, Francesco Saverio"]
[Result "1/2-1/2"]
[WhiteElo "2423"]
[BlackElo "2140"]
[PlyCount "109"]
[EventDate "2005.04.23"]

1. e4 c5 2. Nf3 Nc6 3. Bb5 g6 4. Bxc6 bxc6 5. O-O Bg7 6. d3 Nf6 7. Nc3 O-O 8.
Be3 d6 9. h3 Nd7 10. Qd2 e5 11. Bh6 Nb6 12. Nh2 d5 13. b3 Be6 14. Rae1 Qc7 15.
Bxg7 Kxg7 16. f4 exf4 17. Rxf4 f5 18. exf5 Bxf5 19. d4 Rae8 20. Ref1 Qe7 21.
Nf3 Qe3+ 22. Qxe3 Rxe3 23. dxc5 Rxc3 24. cxb6 axb6 25. Nd4 Re8 26. Kh2 Re4 27.
Nxf5+ gxf5 28. Rxf5 Rxc2 29. Rg5+ Kh6 30. Rg3 Re6 31. a4 Rg6 32. b4 Rb2 33. Rf4
Ra2 34. b5 cxb5 35. axb5 Rb2 36. Rf5 Rxb5 37. h4 Rc5 38. Rxg6+ Kxg6 39. Rg5+
Kf6 40. Rh5 Kg6 41. Rg5+ Kf7 42. Rh5 Kg8 43. Rh6 b5 44. Kg3 b4 45. Rb6 Rc4 46.
h5 d4 47. Kf4 d3+ 48. Ke3 Rd4 49. Kd2 Kg7 50. h6+ Kf7 51. Rc6 b3 52. Rb6 Rg4
53. Kxd3 Rxg2 54. Rb7+ Kg8 55. Rb8+ 1/2-1/2

[Event "XI Torneo Leonardo di Bona Magistrale"]
[Site "Cutro ITA"]
[Date "2005.04.25"]
[Round "3"]
[White "Cetkovic, Sergio"]
[Black "Ivanov, Mikhail M."]
[Result "0-1"]
[WhiteElo "2121"]
[BlackElo "2418"]
[PlyCount "72"]
[EventDate "2005.04.23"]

1. e4 c5 2. Nf3 a6 3. c3 d6 4. d4 Nf6 5. dxc5 Nc6 6. cxd6 Nxe4 7. Be2 Nxd6 8.
O-O g6 9. Na3 Bg7 10. Nc4 Nxc4 11. Qxd8+ Nxd8 12. Bxc4 Bg4 13. Be3 Bxf3 14.
gxf3 Rc8 15. Bb3 Nc6 16. Rfd1 h5 17. Bb6 h4 18. h3 Rh5 19. Ba4 Rg5+ 20. Kf1 Rf5
21. Rd3 Bf6 22. Rad1 Kf8 23. Ke2 Ne5 24. Bd7 Nxd7 25. Rxd7 Rb5 26. Rd8+ Rxd8
27. Rxd8+ Kg7 28. Be3 Rxb2+ 29. Rd2 Bxc3 30. Rxb2 Bxb2 31. Kd3 Kf6 32. Kc4 Ba3
33. f4 Kf5 34. Bc5 Bxc5 35. Kxc5 Kxf4 36. Kb6 g5 0-1

[Event "XI Torneo Leonardo di Bona Magistrale"]
[Site "Cutro ITA"]
[Date "2005.04.25"]
[Round "3"]
[White "Cordi', Domenico"]
[Black "Mrdja, Milan"]
[Result "1/2-1/2"]
[WhiteElo "2084"]
[BlackElo "2373"]
[PlyCount "112"]
[EventDate "2005.04.23"]

1. d4 g6 2. c4 Bg7 3. Nf3 c5 4. d5 d6 5. e4 Nf6 6. Nc3 O-O 7. Be2 Na6 8. O-O
Nc7 9. h3 b6 10. Qc2 e5 11. dxe6 Nxe6 12. Rd1 Qe7 13. Nb5 Ne8 14. Bd3 Bb7 15.
Re1 a6 16. Nc3 Nd4 17. Nxd4 Bxd4 18. Bh6 Ng7 19. Qd2 Rfe8 20. Nd5 Bxd5 21. exd5
Qf6 22. Rxe8+ Rxe8 23. Rb1 Nh5 24. b3 Re5 25. Re1 Qe7 26. Rxe5 Qxe5 27. Qe2 f5
28. Qxe5 Bxe5 29. g3 Kf7 30. Kg2 Nf6 31. Be3 Nd7 32. f4 Bc3 33. Bf2 Nf6 34. Kf3
h5 35. a4 Ke7 36. Be3 Kd7 37. Ke2 Kc7 38. Bf2 Bb4 39. Kf3 Bc3 40. Ke2 Kd8 41.
Kf3 Kc8 42. Be3 Kc7 43. Bc1 b5 44. cxb5 axb5 45. Bxb5 Nxd5 46. Be8 Ne7 47. Be3
Kb6 48. Bf2 Ka5 49. g4 hxg4+ 50. hxg4 Kb4 51. Bf7 Bd2 52. Bh4 Nc6 53. Bf6 fxg4+
54. Kxg4 Na5 55. Be7 Nxb3 56. Bxd6 Kxa4 1/2-1/2

[Event "XI Torneo Leonardo di Bona Magistrale"]
[Site "Cutro ITA"]
[Date "2005.04.25"]
[Round "3"]
[White "De Rosa, Mariagrazia"]
[Black "Brancaleoni, Maurizio"]
[Result "1/2-1/2"]
[WhiteElo "2081"]
[BlackElo "2296"]
[PlyCount "26"]
[EventDate "2005.04.23"]

1. e4 c5 2. Nf3 b6 3. d4 cxd4 4. Nxd4 Bb7 5. f3 a6 6. c4 e6 7. Be3 Be7 8. Nc3
Bh4+ 9. g3 Bg5 10. f4 Bh6 11. Bg2 Ne7 12. Qe2 Nbc6 13. Qf2 Rb8 1/2-1/2

[Event "XI Torneo Leonardo di Bona Magistrale"]
[Site "Cutro ITA"]
[Date "2005.04.25"]
[Round "3"]
[White "Kasparova, Tatiana"]
[Black "Blasco, Domenico"]
[Result "1-0"]
[WhiteElo "2240"]
[BlackElo "2004"]
[PlyCount "109"]
[EventDate "2005.04.23"]

1. e4 g6 2. d4 Bg7 3. Nc3 c6 4. Nf3 d5 5. Be2 Nh6 6. O-O f6 7. e5 O-O 8. Bf4
Bg4 9. exf6 exf6 10. h3 Bxf3 11. Bxf3 Nd7 12. Ne2 f5 13. c3 Nf6 14. Be5 Nf7 15.
Nf4 Re8 16. Nd3 Nxe5 17. Nxe5 Ne4 18. Bxe4 dxe4 19. Qb3+ Qd5 20. Qxb7 Bxe5 21.
dxe5 Rab8 22. Qxa7 Rxb2 23. a4 Qxe5 24. Qd4 Qxd4 25. cxd4 Rd8 26. a5 Rxd4 27.
a6 Rd8 28. Rfc1 Rb6 29. Rc5 Ra8 30. a7 Rb7 31. Rca5 Kf7 32. Kf1 Ke6 33. Ke2 Rd7
34. Ra6 Kd6 35. Kd2 Kc7+ 36. Ke3 Kb7 37. R6a2 Kc7 38. Kf4 Kd6 39. g4 fxg4 40.
hxg4 Re7 41. Ra6 Kd5 42. Rd1+ Kc5 43. Rc1+ Kb5 44. Rcxc6 Raxa7 45. Rab6+ Ka5
46. Rb2 Rf7+ 47. Kg5 Rac7 48. Rcb6 Rc2 49. R2b5+ Ka4 50. Rb1 Rc5+ 51. Kh4 Ka5
52. Rb8 g5+ 53. Kh5 Ka6 54. Ra8+ Ra7 55. Ra1+ 1-0

[Event "XI Torneo Leonardo di Bona Magistrale"]
[Site "Cutro ITA"]
[Date "2005.04.25"]
[Round "3"]
[White "Lacrosse, Marc"]
[Black "Hocevar, Nikola"]
[Result "1-0"]
[WhiteElo "2289"]
[BlackElo "2092"]
[PlyCount "41"]
[EventDate "2005.04.23"]

1. d4 d5 2. c4 e6 3. Nf3 Nf6 4. Bg5 Nbd7 5. cxd5 exd5 6. Nc3 c6 7. Qc2 Be7 8.
e3 O-O 9. Bd3 Re8 10. O-O Nf8 11. Rab1 g6 12. b4 a6 13. a4 Ne6 14. Bh4 Ng7 15.
b5 axb5 16. axb5 Bf5 17. bxc6 bxc6 18. Ne5 Rc8 19. Rb7 Nd7 20. Bxf5 Nxe5 21.
Bxe7 1-0

[Event "XI Torneo Leonardo di Bona Magistrale"]
[Site "Cutro ITA"]
[Date "2005.04.25"]
[Round "3"]
[White "Marholev, Dimitar"]
[Black "Sautto, Daniele"]
[Result "1-0"]
[WhiteElo "2395"]
[BlackElo "2119"]
[PlyCount "45"]
[EventDate "2005.04.23"]

1. e4 d5 2. exd5 Qxd5 3. Nc3 Qe5+ 4. Be2 c6 5. Nf3 Qc7 6. O-O Bf5 7. d4 e6 8.
Ne5 Nf6 9. g4 Bg6 10. f4 Bd6 11. f5 Nbd7 12. fxg6 hxg6 13. Bf4 g5 14. Bg3 O-O-O
15. Qe1 Nxe5 16. dxe5 Bxe5 17. Bxe5 Qxe5 18. Qg3 Qc5+ 19. Kh1 Rh4 20. Rf2 Rd2
21. Rd1 Rxe2 22. Qd3 Nd5 23. Ne4 1-0

[Event "XI Torneo Leonardo di Bona Magistrale"]
[Site "Cutro ITA"]
[Date "2005.04.25"]
[Round "3"]
[White "Napoli, Nicolo'"]
[Black "Miladinovic, Igor"]
[Result "0-1"]
[WhiteElo "2205"]
[BlackElo "2604"]
[PlyCount "30"]
[EventDate "2005.04.23"]

1. e4 c5 2. c3 Nf6 3. e5 Nd5 4. d4 cxd4 5. Qxd4 e6 6. Nf3 Nc6 7. Qe4 d6 8. g3
Bd7 9. Bg2 dxe5 10. Nxe5 Nf6 11. Qe2 Nxe5 12. Qxe5 Qb6 13. O-O Rc8 14. c4 Bc5
15. Nc3 Bxf2+ 0-1

[Event "XI Torneo Leonardo di Bona Magistrale"]
[Site "Cutro ITA"]
[Date "2005.04.25"]
[Round "3"]
[White "Ninov, Nikolai Ivanov"]
[Black "Isonzo, David"]
[Result "1/2-1/2"]
[WhiteElo "2486"]
[BlackElo "2325"]
[PlyCount "38"]
[EventDate "2005.04.23"]

1. e4 e6 2. d4 d5 3. Nc3 dxe4 4. Nxe4 Nd7 5. Nf3 Ngf6 6. Bg5 h6 7. Nxf6+ Nxf6
8. Bxf6 Qxf6 9. Bb5+ c6 10. Bd3 Bd6 11. Qe2 b6 12. Be4 Bb7 13. Ne5 Rc8 14. O-O
Qe7 15. Rad1 O-O 16. Rd2 c5 17. Ng6 fxg6 18. Bxb7 Qxb7 19. Qxe6+ Qf7 1/2-1/2

[Event "XI Torneo Leonardo di Bona Magistrale"]
[Site "Cutro ITA"]
[Date "2005.04.25"]
[Round "3"]
[White "Parrella, Alfredo"]
[Black "Santurbano, Maria Vincenza"]
[Result "1-0"]
[WhiteElo "2176"]
[BlackElo "2043"]
[PlyCount "71"]
[EventDate "2005.04.23"]

1. d4 Nf6 2. c4 c5 3. d5 d6 4. Nc3 e6 5. e4 exd5 6. cxd5 g6 7. h3 a6 8. a4 Bg7
9. Nf3 O-O 10. Bd3 Re8 11. O-O Nbd7 12. Bf4 Qc7 13. Re1 b6 14. Rc1 Bb7 15. b3
Rad8 16. Qd2 Nh5 17. Bh2 Re7 18. g4 Nhf6 19. Bf4 Ne5 20. Nxe5 dxe5 21. Bg5 Qd7
22. f3 Qd6 23. Bc4 Bc8 24. Kf2 Rde8 25. Rh1 Ra7 26. Qe2 h6 27. Be3 Nh7 28. Rcg1
Kh8 29. Qd2 g5 30. h4 Kg8 31. hxg5 hxg5 32. Bxg5 Qg6 33. Be3 Rd8 34. Rg2 Bf6
35. Rh6 Qg7 36. g5 1-0

[Event "XI Torneo Leonardo di Bona Magistrale"]
[Site "Cutro ITA"]
[Date "2005.04.25"]
[Round "3"]
[White "Parrotta, Daniele"]
[Black "Abatino, Maurizio"]
[Result "1/2-1/2"]
[WhiteElo "2006"]
[BlackElo "2214"]
[PlyCount "69"]
[EventDate "2005.04.23"]

1. d4 Nf6 2. Bg5 e6 3. e4 h6 4. Bxf6 Qxf6 5. Nf3 g5 6. Nc3 d6 7. Qd2 Bg7 8.
O-O-O Nc6 9. Bb5 O-O 10. Rhe1 Qe7 11. e5 Bd7 12. g4 a6 13. Bd3 Nb4 14. h4 Nxd3+
15. Qxd3 Bc6 16. Ne4 Bxe4 17. Qxe4 f5 18. gxf5 Rxf5 19. exd6 Qxd6 20. hxg5 hxg5
21. Ne5 Qd5 22. Qxd5 exd5 23. Ng6 Rxf2 24. Ne7+ Kf7 25. Nxd5 c6 26. Nc3 Rd8 27.
Ne4 Rf5 28. c3 a5 29. Nc5 b5 30. Ne6 Rd6 31. Nxg7 Kxg7 32. Re7+ Rf7 33. Re5 Rg6
34. Rg1 g4 35. Kd1 1/2-1/2

[Event "XI Torneo Leonardo di Bona Magistrale"]
[Site "Cutro ITA"]
[Date "2005.04.25"]
[Round "3"]
[White "Rizzo, Giovanbattista"]
[Black "Sautto, Alessandra"]
[Result "1-0"]
[WhiteElo "2088"]
[BlackElo "1968"]
[PlyCount "63"]
[EventDate "2005.04.23"]

1. d4 d5 2. c4 e6 3. Nc3 Nf6 4. cxd5 exd5 5. Bg5 Be7 6. e3 h6 7. Bf4 c6 8. Bd3
Bd6 9. Nge2 Be6 10. Qb3 Bc8 11. h3 Bxf4 12. Nxf4 O-O 13. g4 Re8 14. O-O-O b5
15. Kb1 a5 16. Rc1 a4 17. Qd1 Ne4 18. Bxe4 dxe4 19. d5 a3 20. b3 b4 21. Nce2
Bb7 22. Qd4 cxd5 23. Nh5 f6 24. Qxb4 Ba6 25. Nef4 Qd7 26. Rhd1 Nc6 27. Qb6 Ne7
28. Nxg7 Bd3+ 29. Nxd3 Kxg7 30. Rc7 Qd8 31. Nf4 Qb8 32. Nh5+ 1-0

[Event "XI Torneo Leonardo di Bona Magistrale"]
[Site "Cutro ITA"]
[Date "2005.04.25"]
[Round "3"]
[White "Scerbo, Antonio"]
[Black "Van Hoolandt, Patrick"]
[Result "0-1"]
[WhiteElo "2097"]
[BlackElo "2181"]
[PlyCount "58"]
[EventDate "2005.04.23"]

1. d4 Nf6 2. c4 e6 3. Nf3 Bb4+ 4. Nbd2 b6 5. g3 Bb7 6. Bg2 O-O 7. O-O d5 8. Ne5
Nbd7 9. Ndf3 Nxe5 10. Nxe5 Be7 11. Qc2 c5 12. dxc5 bxc5 13. b3 Qb6 14. cxd5
exd5 15. Bb2 Rfd8 16. Rfd1 a5 17. g4 Qe6 18. Rd3 Bd6 19. g5 Ne4 20. f4 Nxg5 21.
Rg3 f6 22. Rf1 Ra7 23. Ng4 Kh8 24. fxg5 Bxg3 25. gxf6 Qxg4 26. fxg7+ Kg8 27.
Qxc5 Bxh2+ 28. Kh1 Raa8 29. Bxd5+ Bxd5+ 0-1